00848nam a2200181 a 450000100100000000500170001000800410002704000250006811000620009324501620015526000510031730000270036850000880039550000720048370000350055570000320059071000440062200003123620240313182403.0110615s1951 es 000 0 spa d aDO-SdBNPbspacBNPHU1 aEspañab(Reino). Rey (1474-1504: Isabel I y Fernando V)10aLibro de los privilegios del almirante Don Cristóbal Colón /cestudio preliminar, edición y notas por el Excmo. Señor Don Ciriaco Pérez-Bustamante. aMadrid :bReal Academia de la Historia,c1951. aLXV, 201 p., ;c29 cm. aIncluye reprod. facs. del texto original conservado en el Archivo General de Indias aIncluye refeencias bibliográficas y notas al pie de las páginas aCOLÓN, CRISTOBAL,d1436-1456 aPérez Bustamante, Ciriaco2 aReal Academia de la Historia (España)